00387nam a22001337a 450000500170000002000230001703500120004003700130005210000190006524500910008426000370017530000190021270000220023120120424145939.0 a8175410531c350.00 aB-30269 aDPLbENG aNangia, Sudesh aSlum in a metropolis :bThe living environment /cby Sudesh Nangia and Sukhadeo Thorat aDelhibShipra Publicationsc2000 a155p.c20 cms. aThorat, Sukhadeo